00543nam a2200181Ia 4500008004100000020001800041082002100059100002300080245003600103250000600139260003900145300001700184500002400201650001000225942000700235952010200242999001700344230524s9999 xx 000 0 und d a9789380578453 a620.0015154bRAM aG.Ramamurty942907 0aApplied Finite Element Analysis a2 aNew Delhib Ik Internationalc2013 a"XVII,439p;" aQuantity Number: 1 aCivil cBK 00104070aTATCLbTATCLcGENd2023-05-24l0o620.00151535 RAMp54168r2023-05-24w2023-05-24yBK c57875d57875